00553nam a22001577a 4500082002400000100002300024245010000047260003600147300001800183526003700201650001300238700002100251942001200272999001900284952009200303 a530bAROcL-6, P-74 aArora C. L.939693 aBSc PhysicsbBeing typical university questions with answers systematically arrangedcC.L Arora aKarachibUnion Book Stallc1968 a907 - 1013.p: a0b0c0d530_000000000000000_ARO aMCE9379 aC.L Arora939886 2ddccBK c544293d544293 00102ddc4070aMCEbMCEd2014-04-16l0o530 AROpMCE-3383r2014-04-16w2014-04-16yBK